[Event "Reykjavik Open 2025"]
[Site "Reykjavik"]
[Date "2025.04.11"]
[Round "4.121"]
[White "Vreugdenhil, Frans"]
[Black "Omarsson, Adam"]
[Result "1/2-1/2"]
[WhiteElo "1892"]
[WhiteFideId "1005634"]
[BlackElo "2072"]
[BlackFideId "2311453"]
[Variant "Standard"]
[StudyName "ROpen - Rd4 - Boards 109-172"]
1. e4 d6 2. c4 Nf6 3. Nc3 g6 4. d4 Bg7 5. f4 c5 6. d5 O-O 7. Nf3 e6 8. Be2 exd5 9. cxd5 Nbd7 10. e5 dxe5 11. fxe5 Ng4 12. e6 Nde5 13. exf7+ Rxf7 14. Ne4 Qe7 15. Nfg5 Bf5 16. d6 Qe8 17. Nxf7 Nxf7 18. Ng3 Bd4 19. Nxf5 gxf5 20. Rf1 Nxh2 21. Rxf5 Qe6 22. Qd3 Re8 23. d7 Qxd7 24. Qg3+ Kh8 25. Qd3 Ne5 26. Rxe5 Rxe5 27. Bf4 Re8 28. Bxh2 Qe6 29. Rb1 Qf6 30. Qf3 Qg6 31. Rd1 Qc2 32. Bf4 Qxb2 33. Bg5 Qxa2 34. Bf6+ Bxf6 35. Qxf6+ Kg8 36. Qg5+ Kh8 37. Qf6+ Kg8 38. Qg5+ Kh8 1/2-1/2

[Event "Reykjavik Open 2025"]
[Site "Reykjavik"]
[Date "2025.04.11"]
[Round "4.122"]
[White "Kleinert, Juergen"]
[Black "Weersing, Abigail Riis"]
[Result "0-1"]
[WhiteElo "1885"]
[WhiteFideId "4659180"]
[BlackElo "2069"]
[BlackFideId "460036"]
[Variant "Standard"]
[StudyName "ROpen - Rd4 - Boards 109-172"]
1. e4 e6 2. d4 d5 3. Nc3 Nf6 4. e5 Nfd7 5. f4 c5 6. Nf3 Nc6 7. Be3 Be7 8. Qd2 O-O 9. dxc5 Qa5 10. Be2 Bxc5 11. Bxc5 Nxc5 12. Nd4 Rd8 13. a3 Qb6 14. O-O-O Bd7 15. g4 Rac8 16. Rhf1 Ne4 17. Nxe4 dxe4 18. Nb3 a5 19. Kb1 Be8 20. Qe1 e3 21. Rxd8 Rxd8 22. Bd3 Rxd3 23. cxd3 Qxb3 24. Qxe3 Ne7 25. Rc1 Bc6 26. Qd4 Bd5 27. h3 Nc6 28. Qe3 Qa2+ 29. Kc2 b5 30. Qd2 Bb3+ 0-1

[Event "Reykjavik Open 2025"]
[Site "Reykjavik"]
[Date "2025.04.11"]
[Round "4.123"]
[White "Birkisson, Bjorn Holm"]
[Black "Grose, Kameron"]
[Result "1/2-1/2"]
[WhiteElo "2154"]
[WhiteFideId "2310600"]
[BlackElo "1882"]
[BlackFideId "474010"]
[Variant "Standard"]
[StudyName "ROpen - Rd4 - Boards 109-172"]
1. c4 e5 2. Nc3 Nf6 3. Nf3 Nc6 4. e3 Bb4 5. Qc2 Bxc3 6. Qxc3 Qe7 7. a3 d5 8. d4 Nxd4 9. Nxd4 exd4 10. Qxd4 dxc4 11. Bxc4 O-O 12. O-O Rd8 13. Qh4 Be6 14. Be2 Bb3 15. f3 Qc5 16. Qf2 c6 17. e4 Qxf2+ 18. Kxf2 Nd7 19. Be3 Ne5 20. Rac1 Nd3+ 1/2-1/2

[Event "Reykjavik Open 2025"]
[Site "Reykjavik"]
[Date "2025.04.11"]
[Round "4.124"]
[White "Isleifsson, Runar"]
[Black "Bougain, Victor"]
[Result "0-1"]
[WhiteElo "1879"]
[WhiteFideId "2305917"]
[BlackElo "2061"]
[BlackFideId "45197784"]
[Variant "Standard"]
[StudyName "ROpen - Rd4 - Boards 109-172"]
1. e4 c6 2. d4 d5 3. e5 Bf5 4. c4 e6 5. Bd3 Bxd3 6. Qxd3 Ne7 7. Nf3 Nd7 8. Bg5 dxc4 9. Qxc4 Qc7 10. Nc3 h6 11. Be3 Nf5 12. O-O Nb6 13. Qb3 Rd8 14. Rfd1 Be7 15. Rac1 Qb8 16. h3 O-O 17. g4 Nh4 18. Nxh4 Bxh4 19. Kg2 Nd5 20. Nxd5 Rxd5 21. f4 Kh8 22. Rf1 Rfd8 23. Rf3 a5 24. a4 b5 25. Rc2 Qb7 26. Rc5 Rxc5 27. dxc5 Rd5 28. axb5 cxb5 29. Qc2 Qc6 30. Kg1 Be7 31. Rf1 Bxc5 32. Bxc5 Rxc5 33. Qd2 Qb6 34. Kg2 Rd5 35. Qf2 Qc6 36. Kg1 Rd3 37. Qg2 Qc5+ 38. Kh2 Rd5 39. f5 Qe3 40. Rf2 Qxe5+ 41. Qg3 Qxg3+ 42. Kxg3 exf5 43. gxf5 Kh7 44. Kf4 g6 45. fxg6+ Kxg6 46. Kg4 a4 47. Rc2 Rd4+ 48. Kg3 Rb4 49. h4 h5 50. Rc6+ f6 0-1

[Event "Reykjavik Open 2025"]
[Site "Reykjavik"]
[Date "2025.04.11"]
[Round "4.125"]
[White "Alrehaili, Ahmed Abdullah S"]
[Black "Hauksdottir, Hrund"]
[Result "1-0"]
[WhiteElo "2152"]
[WhiteFideId "21518840"]
[BlackElo "1875"]
[BlackFideId "2302608"]
[Variant "Standard"]
[StudyName "ROpen - Rd4 - Boards 109-172"]
1. e4 e5 2. Nf3 Nc6 3. Bc4 Bc5 4. d3 Nf6 5. O-O d6 6. c3 O-O 7. Re1 h6 8. Nbd2 a5 9. Nf1 Ba7 10. Ng3 Be6 11. Bb5 Ne7 12. h3 c6 13. Ba4 b5 14. Bc2 Qc7 15. a4 Rab8 16. Nh4 d5 17. Qf3 dxe4 18. dxe4 Nh7 19. Nhf5 Nxf5 20. Nxf5 Bxf5 21. exf5 b4 22. f6 e4 23. Rxe4 Nxf6 24. Rc4 Qe7 25. Bd2 bxc3 26. Bxc3 Nd5 27. Re1 Qg5 28. Rg4 1-0

[Event "Reykjavik Open 2025"]
[Site "Reykjavik"]
[Date "2025.04.11"]
[Round "4.126"]
[White "Bartelt, Max Peter"]
[Black "Hardwick, Hugo"]
[Result "1/2-1/2"]
[WhiteElo "2104"]
[WhiteFideId "12967289"]
[BlackElo "1873"]
[BlackFideId "1767569"]
[Variant "Standard"]
[StudyName "ROpen - Rd4 - Boards 109-172"]
1. d4 Nf6 2. Bf4 d5 3. Nf3 e6 4. e3 c5 5. Nbd2 Nc6 6. c3 Be7 7. h3 a6 8. Ne5 Nxe5 9. Bxe5 b6 10. g4 h6 11. Bd3 Bd6 12. f4 Bxe5 13. fxe5 Nd7 14. Qf3 Qh4+ 15. Ke2 Bb7 16. Rhf1 Rf8 17. e4 c4 18. Bc2 O-O-O 19. exd5 exd5 20. b3 b5 21. a4 f6 22. e6 Rfe8 23. Qe3 Re7 24. axb5 axb5 25. bxc4 bxc4 26. Ra5 Qg5 27. Rf3 Qxe3+ 28. Rxe3 Nf8 29. Nf3 Kb8 30. Bf5 g6 31. Bc2 Rxe6 32. Nh4 Rde8 33. Rxe6 Nxe6 34. Kf2 Ng5 35. Bxg6 Nxh3+ 36. Kf3 Ng5+ 37. Kf4 Re1 38. Nf5 Rf1+ 39. Ke3 Rf3+ 40. Ke2 Rxc3 41. Nd6 Ne6 42. Kd2 Rb3 43. Nxb7 Rxb7 44. Rxd5 1/2-1/2

[Event "Reykjavik Open 2025"]
[Site "Reykjavik"]
[Date "2025.04.11"]
[Round "4.127"]
[White "Hallsson, Jon Eggert"]
[Black "Allard, Thomas"]
[Result "0-1"]
[WhiteElo "1869"]
[WhiteFideId "2311569"]
[BlackElo "2053"]
[BlackFideId "676160"]
[Variant "Standard"]
[StudyName "ROpen - Rd4 - Boards 109-172"]
1. e4 c5 2. Nc3 Nc6 3. Nge2 d6 4. g3 g6 5. Bg2 Bg7 6. O-O e5 7. d3 Nge7 8. f4 O-O 9. h3 Be6 10. Be3 Nd4 11. Bf2 Qd7 12. Kh2 f5 13. Nxd4 cxd4 14. Ne2 Rac8 15. Qd2 Rc7 16. c3 fxe4 17. dxe4 dxc3 18. Nxc3 exf4 19. gxf4 Rxf4 20. Rad1 Be5 21. Bg3 Rxf1 22. Bxf1 Qc8 23. Qg5 Nc6 24. Bb5 Nd4 25. Rd3 Nxb5 26. Bxe5 Rf7 27. Nxb5 Qc2+ 28. Rd2 Rf2+ 29. Kg3 Qxd2 30. Qd8+ Rf8 31. Qxd6 Qf2# 0-1

[Event "Reykjavik Open 2025"]
[Site "Reykjavik"]
[Date "2025.04.11"]
[Round "4.128"]
[White "Adams, Henry"]
[Black "Adair, Derek"]
[Result "1-0"]
[WhiteElo "2077"]
[WhiteFideId "464562"]
[BlackElo "1865"]
[BlackFideId "39919072"]
[Variant "Standard"]
[StudyName "ROpen - Rd4 - Boards 109-172"]
1. d4 d5 2. c4 c6 3. Nf3 Nf6 4. g3 Bf5 5. Nc3 e6 6. Qb3 Qb6 7. c5 Qxb3 8. axb3 Na6 9. Ra4 Bc2 10. Bg2 Bxb3 11. Ra3 Bc2 12. O-O Be7 13. Bf4 O-O 14. Rc1 Nb4 15. Ne1 Be4 16. Rca1 a6 17. Rb3 a5 18. Bc7 Bc2 19. Rba3 Bd8 20. Bxd8 Rfxd8 21. Na2 Rab8 22. Rxa5 Nxa2 23. Nxc2 1-0

[Event "Reykjavik Open 2025"]
[Site "Reykjavik"]
[Date "2025.04.11"]
[Round "4.129"]
[White "Monteverde, Jonathan"]
[Black "Leosson, Haukur Vidis"]
[Result "1-0"]
[WhiteElo "2067"]
[WhiteFideId "1314580"]
[BlackElo "1863"]
[BlackFideId "2325780"]
[Variant "Standard"]
[StudyName "ROpen - Rd4 - Boards 109-172"]
1. d4 d5 2. c4 e6 3. Nc3 a6 4. cxd5 exd5 5. Qb3 Nf6 6. Bg5 c6 7. e4 Be7 8. e5 Nfd7 9. Bxe7 Qxe7 10. f4 Nf8 11. Bd3 f6 12. Nf3 fxe5 13. fxe5 Ne6 14. O-O O-O 15. Qc2 g6 16. Qd2 Nf4 17. Bc2 Bg4 18. Nh4 Qg5 19. Kh1 Bh3 20. Qf2 Bd7 21. Nf3 Qe7 22. Ne2 Nxe2 23. Qxe2 Bf5 24. Bxf5 Rxf5 25. Ng1 Rxf1 26. Rxf1 Nd7 27. Qg4 Rf8 28. Rf3 Kg7 29. h4 Rxf3 30. Nxf3 Nf8 31. h5 Qe6 32. Qh4 Qf7 33. h6+ Kg8 34. Kg1 Ne6 35. a3 b6 36. b3 Qf4 37. Qe7 Qf5 38. Ng5 Qxg5 39. Qxe6+ Kf8 40. Qd6+ Qe7 41. Qb8+ Kf7 42. Qh8 Ke6 43. Qc8+ Kf7 44. Qxc6 Qxa3 45. Qxd5+ Ke7 46. Qb7+ Ke8 47. Qc6+ Ke7 48. Qf6+ Kd7 49. e6+ Kc7 50. Qf7+ Kc8 51. Qg8+ Kc7 52. Qxh7+ Kb8 53. Qxg6 Qc1+ 54. Kh2 1-0

[Event "Reykjavik Open 2025"]
[Site "Reykjavik"]
[Date "2025.04.11"]
[Round "4.130"]
[White "Gavran, Marinko"]
[Black "Nergard, Ole-Kristian"]
[Result "1-0"]
[WhiteElo "2054"]
[WhiteFideId "14524848"]
[BlackElo "1863"]
[BlackFideId "1543156"]
[Variant "Standard"]
[StudyName "ROpen - Rd4 - Boards 109-172"]
1. d4 Nf6 2. Nf3 g6 3. c4 Bg7 4. Nc3 O-O 5. Bf4 d6 6. e3 Nbd7 7. Be2 Nh5 8. Bg5 Nhf6 9. O-O e5 10. dxe5 dxe5 11. Nd5 c6 12. Nxf6+ Bxf6 13. Bxf6 Qxf6 14. Qc2 Nc5 15. b4 Bf5 16. Qc3 Nd7 17. Rfd1 Qe7 18. c5 a5 19. a3 Rfe8 20. Rd6 Nf6 21. Nd2 Rf8 22. Rd1 axb4 23. axb4 Ra2 24. Bc4 Rc2 25. Qb3 Ra8 26. f3 Raa2 27. e4 Bxe4 28. fxe4 Nxe4 29. Qxa2 Rxa2 30. Nxe4 Rb2 31. Rf6 1-0

[Event "Reykjavik Open 2025"]
[Site "Reykjavik"]
[Date "2025.04.11"]
[Round "4.132"]
[White "De Seroux, Camille"]
[Black "Skjoldebrand, Martin"]
[Result "1-0"]
[WhiteElo "2049"]
[WhiteFideId "1305620"]
[BlackElo "1856"]
[BlackFideId "1711911"]
[Variant "Standard"]
[StudyName "ROpen - Rd4 - Boards 109-172"]
1. e4 e6 2. b3 d5 3. Bb2 Nf6 4. e5 Nfd7 5. f4 c5 6. Nf3 Nc6 7. Bb5 Be7 8. O-O O-O 9. Nc3 f6 10. exf6 Bxf6 11. Bxc6 bxc6 12. Qe2 Re8 13. Na4 Bxb2 14. Nxb2 Qf6 15. Ne5 Nxe5 16. fxe5 Qh4 17. Na4 Qd4+ 18. Qf2 Rf8 19. Qxd4 cxd4 20. Rxf8+ Kxf8 21. Rf1+ Ke7 22. Rf4 Rb8 23. Rxd4 Rb5 24. Rg4 Kf7 25. d4 Ra5 26. Rf4+ Ke7 27. Rf3 Ba6 28. Kf2 Bb5 29. Nc3 Ra3 30. Ke1 a6 31. b4 Bc4 32. Nxd5+ 1-0

[Event "Reykjavik Open 2025"]
[Site "Reykjavik"]
[Date "2025.04.11"]
[Round "4.133"]
[White "Jonsson, Olafur Gisli"]
[Black "De La Torre, Igor"]
[Result "0-1"]
[WhiteElo "1856"]
[WhiteFideId "2302705"]
[BlackElo "2048"]
[BlackFideId "630535"]
[Variant "Standard"]
[StudyName "ROpen - Rd4 - Boards 109-172"]
1. Nf3 Nf6 2. c4 g6 3. d4 Bg7 4. Nc3 O-O 5. e4 d6 6. Be2 c5 7. O-O Bg4 8. d5 Nbd7 9. h3 Bxf3 10. Bxf3 Ne8 11. Bg5 h6 12. Bh4 Ne5 13. Be2 g5 14. Bg3 Ng6 15. Qc2 Nf6 16. Rae1 Nd7 17. Bh5 Nde5 18. Ne2 Qa5 19. a4 a6 20. f4 gxf4 21. Bxf4 Nxf4 22. Nxf4 b5 23. axb5 axb5 24. cxb5 Qb4 25. b3 Ra3 26. Re3 Rfa8 27. Rg3 Kh8 28. Bxf7 Qd4+ 29. Kh1 Ra2 30. Ne6 Rxc2 31. Nxd4 cxd4 32. Be6 d3 33. Kh2 Rb8 0-1

[Event "Reykjavik Open 2025"]
[Site "Reykjavik"]
[Date "2025.04.11"]
[Round "4.134"]
[White "Bjarnason, Kristinn"]
[Black "De Mey, Juan Pablo"]
[Result "0-1"]
[WhiteElo "1849"]
[WhiteFideId "2323028"]
[BlackElo "2030"]
[BlackFideId "15900312"]
[Variant "Standard"]
[StudyName "ROpen - Rd4 - Boards 109-172"]
1. e4 c5 2. Nf3 a6 3. d4 cxd4 4. Nxd4 Nf6 5. Nc3 e5 6. Nb3 Bb4 7. Bd3 d5 8. exd5 e4 9. Be2 Nxd5 10. Qd4 Bxc3+ 11. bxc3 O-O 12. O-O Nc6 13. Qd2 Nf6 14. Qf4 Qe7 15. Rd1 Be6 16. Bb2 b5 17. f3 Bc4 18. Bxc4 bxc4 19. Nd4 Nxd4 20. cxd4 c3 21. Bxc3 Nd5 22. Qd2 e3 23. Qe1 e2 24. Rd3 Nf4 25. Qd2 Nxd3 26. Qxd3 Rfe8 27. Re1 Qa3 28. Bd2 Qxd3 29. cxd3 Rad8 30. Kf2 Rxd4 31. Be3 Rxd3 32. Rxe2 f5 33. f4 a5 34. Bc5 Rxe2+ 35. Kxe2 Rc3 0-1

[Event "Reykjavik Open 2025"]
[Site "Reykjavik"]
[Date "2025.04.11"]
[Round "4.135"]
[White "Carr, Jay"]
[Black "Schwarz, David"]
[Result "0-1"]
[WhiteElo "1843"]
[WhiteFideId "30922690"]
[BlackElo "2028"]
[BlackFideId "16287614"]
[Variant "Standard"]
[StudyName "ROpen - Rd4 - Boards 109-172"]
1. Nf3 Nc6 2. e3 e5 3. d4 e4 4. Nfd2 d5 5. c4 Nf6 6. Nc3 Be6 7. cxd5 Bxd5 8. a3 Qe7 9. Qc2 O-O-O 10. g3 Nxd4 11. exd4 e3 12. Bh3+ Kb8 13. O-O exd2 14. Bxd2 Be6 15. Bg2 h5 16. Bg5 Qd7 17. Bxf6 gxf6 18. Qe4 c6 19. Rfd1 Bf5 20. Qh4 Bg4 21. Qxf6 Be7 22. Qf4+ Bd6 23. Qe3 Rde8 24. Qd2 Bxd1 25. Rxd1 f5 26. f4 h4 27. Ne2 c5 28. d5 Qe7 29. Kf2 hxg3+ 30. hxg3 Rh2 31. Nc3 c4 32. Kg1 Rh6 33. Kf2 Bc5+ 34. Kf1 Qh7 35. Ne2 Rh1+ 0-1

[Event "Reykjavik Open 2025"]
[Site "Reykjavik"]
[Date "2025.04.11"]
[Round "4.136"]
[White "Kingsley, Elias"]
[Black "Agustsson, Egill Steinar"]
[Result "1-0"]
[WhiteElo "2033"]
[WhiteFideId "1775006"]
[BlackElo "1811"]
[BlackFideId "2308118"]
[Variant "Standard"]
[StudyName "ROpen - Rd4 - Boards 109-172"]
1. e4 e6 2. d4 d5 3. Nd2 Nf6 4. e5 Nfd7 5. Ngf3 c5 6. c3 Nc6 7. Bd3 cxd4 8. cxd4 Be7 9. O-O O-O 10. Re1 a6 11. Nf1 f6 12. exf6 Nxf6 13. Ng3 h6 14. a3 Bd6 15. Bc2 Bxg3 16. hxg3 Qe8 17. Bf4 Qf7 18. Qd3 Ne4 19. Nd2 Nf6 20. f3 g5 21. Bd6 Rd8 22. Be5 Nxe5 23. dxe5 Nh5 24. Kf2 Bd7 25. Rh1 g4 26. Rh4 gxf3 27. Rg4+ Kf8 28. Qe3 fxg2+ 29. Kxg2 Ke8 30. Bg6 1-0

[Event "Reykjavik Open 2025"]
[Site "Reykjavik"]
[Date "2025.04.11"]
[Round "4.137"]
[White "Kukushkin, Ivan"]
[Black "Matthiasson, Magnus"]
[Result "1-0"]
[WhiteElo "2030"]
[WhiteFideId "11634103"]
[BlackElo "1803"]
[BlackFideId "2306034"]
[Variant "Standard"]
[StudyName "ROpen - Rd4 - Boards 109-172"]
1. e4 c6 2. Nf3 d5 3. exd5 cxd5 4. Ne5 Nf6 5. d4 Nc6 6. Bb5 Bd7 7. Nxd7 Qxd7 8. c3 e6 9. O-O Bd6 10. Nd2 Qc7 11. Nf3 a6 12. Bd3 Ng4 13. h3 h5 14. Re1 Nf6 15. b4 b5 16. Bg5 Bf4 17. Bxf6 gxf6 18. a4 Rb8 19. axb5 axb5 20. Qe2 Qb7 21. g3 Rg8 22. Kh1 Bd6 23. Nh4 Kd7 24. Qxh5 Rg7 25. Qh6 Rbg8 26. Bh7 Ne7 27. Bxg8 Rxg8 28. Qxf6 Qb8 29. Qxf7 Rf8 30. Qxe6+ Kc7 31. Ra6 Nc8 32. Nf5 Rd8 33. Nxd6 Rxd6 34. Rxd6 Nxd6 35. Qe7+ 1-0

[Event "Reykjavik Open 2025"]
[Site "Reykjavik"]
[Date "2025.04.11"]
[Round "4.138"]
[White "Belz, Frank-Martin"]
[Black "Osorio Ferrer, Roberto Eduardo"]
[Result "1-0"]
[WhiteElo "2027"]
[WhiteFideId "12941026"]
[BlackElo "1803"]
[BlackFideId "3964612"]
[Variant "Standard"]
[StudyName "ROpen - Rd4 - Boards 109-172"]
1. Nf3 d5 2. e3 Nf6 3. c4 c6 4. Nc3 a6 5. a4 a5 6. cxd5 Nxd5 7. e4 Nb4 8. d4 Bg4 9. Be2 e6 10. O-O Be7 11. Be3 O-O 12. h3 Bh5 13. Rc1 Nd7 14. Qb3 h6 15. Rfd1 Nf6 16. g4 Bg6 17. Nd2 c5 18. dxc5 Qc8 19. Qc4 Qc6 20. f3 Rfd8 21. Nb3 Qc7 22. Kg2 Rxd1 23. Rxd1 Nc2 24. Bf2 Qf4 25. Qd3 Nb4 26. Qe3 Qxe3 27. Bxe3 Kf8 28. Nb5 Ne8 29. Nd6 Nxd6 30. cxd6 Bd8 31. Nc5 Nc6 32. Bb5 Na7 33. Nxb7 Nxb5 34. axb5 a4 35. Nxd8 Rxd8 36. d7 Ke7 37. Bc5+ Kf6 38. e5+ Kxe5 39. Be7 1-0

[Event "Reykjavik Open 2025"]
[Site "Reykjavik"]
[Date "2025.04.11"]
[Round "4.139"]
[White "Chaney, Ari"]
[Black "Muench, Robert"]
[Result "0-1"]
[WhiteElo "1798"]
[WhiteFideId "30970172"]
[BlackElo "2027"]
[BlackFideId "4626028"]
[Variant "Standard"]
[StudyName "ROpen - Rd4 - Boards 109-172"]
1. e4 c5 2. Nf3 g6 3. c3 Bg7 4. d4 cxd4 5. cxd4 Nf6 6. Nc3 d6 7. h3 O-O 8. Bd3 a6 9. O-O Nc6 10. Rb1 h6 11. Re1 e5 12. dxe5 dxe5 13. Be3 Be6 14. Bf1 Qe7 15. Nd2 Rfd8 16. Qf3 Nd4 17. Qd1 b5 18. b3 Rd7 19. Be2 Rc8 20. Rc1 Rcd8 21. Rf1 Qa3 22. Rb1 Rc7 23. Nd5 Bxd5 24. exd5 Nxd5 25. Bxd4 exd4 26. Bd3 Nc3 27. Qg4 Nxb1 28. Bxb1 Rc1 29. Bd3 Rxf1+ 30. Nxf1 Qxa2 31. Ng3 Qxb3 32. Qe4 Qe6 33. Qb7 Be5 34. Nf1 Rb8 35. Qf3 b4 36. Nd2 a5 37. Bc4 Qf6 38. Qe2 a4 39. Ne4 Qf5 40. g4 Qf4 41. Ng3 b3 42. Qd3 Kg7 43. Ne2 Qf6 0-1

[Event "Reykjavik Open 2025"]
[Site "Reykjavik"]
[Date "2025.04.11"]
[Round "4.140"]
[White "Darvekar, Yash"]
[Black "Gilbert, Alistair"]
[Result "1-0"]
[WhiteElo "2024"]
[WhiteFideId "2624150"]
[BlackElo "1797"]
[BlackFideId "343419160"]
[Variant "Standard"]
[StudyName "ROpen - Rd4 - Boards 109-172"]
1. e4 c6 2. d4 d5 3. Nc3 dxe4 4. Nxe4 Nf6 5. Nxf6+ exf6 6. c3 Bd6 7. Bd3 O-O 8. Qc2 Re8+ 9. Ne2 h6 10. O-O Qc7 11. h3 Be6 12. c4 Na6 13. a3 Rad8 14. Bd2 Qc8 15. f4 f5 16. Kh1 Bd7 17. Ng1 Nc7 18. Nf3 g6 19. g4 fxg4 20. Bxg6 Kg7 21. Bxf7 Bf5 22. Qc3 Kxf7 23. Ne5+ Bxe5 24. fxe5 Rg8 25. Qd3 Kg6 26. Qe3 Rh8 27. hxg4 Bxg4 28. Rf6+ Kg7 29. Qe4 1-0

[Event "Reykjavik Open 2025"]
[Site "Reykjavik"]
[Date "2025.04.11"]
[Round "4.141"]
[White "Bech, Havard Eriksen"]
[Black "Wahono, Richard"]
[Result "1-0"]
[WhiteElo "2024"]
[WhiteFideId "1564684"]
[BlackElo "1775"]
[BlackFideId "34647236"]
[Variant "Standard"]
[StudyName "ROpen - Rd4 - Boards 109-172"]
1. c4 Nf6 2. Nc3 e6 3. Nf3 d5 4. d4 c5 5. cxd5 Nxd5 6. e4 Nxc3 7. bxc3 cxd4 8. cxd4 Bb4+ 9. Bd2 Bxd2+ 10. Qxd2 O-O 11. Bc4 b6 12. O-O Ba6 13. Bxa6 Nxa6 14. Rad1 Nb8 15. Ne5 f6 16. Nc4 Qe7 17. d5 Nd7 18. d6 Qf7 19. f4 e5 20. Ne3 exf4 21. Nf5 Qe6 22. Rxf4 Ne5 23. Qf2 Rad8 24. Qg3 Rd7 25. Rh4 Rfd8 26. Qh3 Rxd6 27. Nxd6 Rxd6 28. Rxd6 Qxd6 29. Qb3+ Kf8 30. h3 h6 31. Rf4 Nc4 32. e5 Nxe5 33. Qb4 Qxb4 34. Rxb4 Ke7 35. Kf1 Kd6 36. Rd4+ Kc7 37. Ke2 Nc6 38. Rd2 Ne5 39. Rc2+ Kd7 40. Ke3 a5 41. Ke4 Kd6 42. Kf5 b5 43. Rc8 a4 44. Rg8 b4 45. Rxg7 Nd7 46. Rg3 Nc5 47. Rg4 b3 48. axb3 a3 49. b4 Nb3 50. b5 a2 51. Ra4 a1=Q 52. Rxa1 Nxa1 53. Kxf6 Nb3 54. Kg6 Kc5 55. Kxh6 Kxb5 56. g4 Nd4 57. g5 Nf5+ 58. Kg6 Nh4+ 59. Kf6 1-0

[Event "Reykjavik Open 2025"]
[Site "Reykjavik"]
[Date "2025.04.11"]
[Round "4.142"]
[White "Subervi, Jonathan Sigfredo"]
[Black "Bloem, Milan"]
[Result "1-0"]
[WhiteElo "2020"]
[WhiteFideId "6400345"]
[BlackElo "1773"]
[BlackFideId "40108244"]
[Variant "Standard"]
[StudyName "ROpen - Rd4 - Boards 109-172"]
1. e4 c5 2. Nf3 e6 3. d4 cxd4 4. Nxd4 Nc6 5. Nb5 d6 6. c4 Nf6 7. N5c3 Be7 8. Be2 O-O 9. O-O b6 10. Bf4 Bb7 11. Re1 Rc8 12. Nd2 Nd4 13. Bf1 e5 14. Be3 Ne6 15. b4 Rc7 16. a4 Nd4 17. Bxd4 exd4 18. Nb5 Rd7 19. a5 d5 20. cxd5 Bxb4 21. a6 Ba8 22. Bd3 Re8 23. Rb1 Bc5 24. f3 Rde7 25. Rf1 Qd7 26. Kh1 Nh5 27. Nb3 Nf4 28. Bc4 Re5 29. N5xd4 Rg5 30. Nxc5 bxc5 31. Bb5 Qd8 32. g3 Nxd5 33. Bxe8 Qxe8 34. exd5 Rxd5 35. Qa4 Qd8 36. Nc6 Bxc6 37. Qxc6 h6 38. Rfe1 Kh7 39. Qe8 Qa5 40. Qe4+ 1-0

[Event "Reykjavik Open 2025"]
[Site "Reykjavik"]
[Date "2025.04.11"]
[Round "4.143"]
[White "Stranger, Morris"]
[Black "De Winter, Eric"]
[Result "1-0"]
[WhiteElo "2018"]
[WhiteFideId "426342"]
[BlackElo "1771"]
[BlackFideId "1033069"]
[Variant "Standard"]
[StudyName "ROpen - Rd4 - Boards 109-172"]
1. d4 Nf6 2. Bf4 d5 3. e3 Bf5 4. c4 e6 5. Qb3 b6 6. Nc3 c6 7. Nf3 Nbd7 8. h3 h6 9. cxd5 exd5 10. Ba6 g5 11. Bh2 Ne4 12. Bb7 Nd6 13. Bxa8 Qxa8 14. Rc1 Nc4 15. e4 Na5 16. Qc2 Bg6 17. Qe2 dxe4 18. Nxe4 Bb4+ 19. Nc3+ Kf8 20. Ne5 Nxe5 21. Bxe5 1-0

[Event "Reykjavik Open 2025"]
[Site "Reykjavik"]
[Date "2025.04.11"]
[Round "4.144"]
[White "Levin, Anthony"]
[Black "Deelwater, Michael"]
[Result "1-0"]
[WhiteElo "2016"]
[WhiteFideId "30940680"]
[BlackElo "1766"]
[BlackFideId "1352199"]
[Variant "Standard"]
[StudyName "ROpen - Rd4 - Boards 109-172"]
1. d4 Nf6 2. c4 g6 3. Nc3 d5 4. Bf4 Bg7 5. e3 O-O 6. cxd5 Nxd5 7. Nxd5 Qxd5 8. Bxc7 Nc6 9. Nf3 Bg4 10. Be2 Rac8 11. Bg3 Qa5+ 12. Kf1 Rfd8 13. Qb3 e5 14. Bc4 exd4 15. Bxf7+ Kh8 16. h4 Bxf3 17. gxf3 dxe3 18. fxe3 Qf5 19. e4 Qa5 20. h5 Nd4 21. hxg6 Qa6+ 22. Kg1 h6 23. Qe3 Ne2+ 24. Kg2 Nf4+ 25. Bxf4 Rc2+ 26. Kg3 Re2 27. Rxh6+ Bxh6 28. Be5+ Bg7 29. Qh6# 1-0

[Event "Reykjavik Open 2025"]
[Site "Reykjavik"]
[Date "2025.04.11"]
[Round "4.145"]
[White "Opasiak, Dustin Tennessee"]
[Black "Pererva, Viktor"]
[Result "0-1"]
[WhiteElo "1761"]
[WhiteFideId "24630217"]
[BlackElo "2017"]
[BlackFideId "24696463"]
[Variant "Standard"]
[StudyName "ROpen - Rd4 - Boards 109-172"]
1. e4 c5 2. Nc3 d6 3. g3 Nc6 4. Bg2 g6 5. d3 Bg7 6. Be3 e6 7. Qd2 Rb8 8. Nge2 h5 9. h3 Nge7 10. g4 b5 11. Bg5 b4 12. Nd1 e5 13. gxh5 Rxh5 14. Ng3 Rh8 15. h4 f6 16. Be3 Nd4 17. f4 Bh6 18. O-O Bg7 19. fxe5 dxe5 20. c3 bxc3 21. bxc3 Ne6 22. h5 gxh5 23. Nf5 Ng6 24. Bxc5 Nxc5 25. Nxg7+ Kf7 26. Nf5 Nxd3 27. Kh1 Ndf4 28. Qf2 Qb6 29. Nde3 Bxf5 30. exf5 Ne7 31. a4 Nxg2 32. Qa2+ Qb3 33. Kxg2 Qxa2+ 34. Rxa2 Rb3 35. Rc2 Ra3 36. Nc4 Rxa4 37. Nd6+ Kg7 38. c4 Nc8 39. c5 Nxd6 40. cxd6 Rd4 41. Kh3 Rd8 42. Rc7+ Kh6 43. Rg1 Rg4 44. Rd1 Kg5 45. Rxa7 Kxf5 46. Re7 Rd4 47. Rf1+ Ke4 48. Rxf6 R8xd6 49. Rf1 Kd5 50. Re1 Re6 51. Rd7+ Kc4 52. Rc1+ Kd3 53. Rd1+ Ke4 54. Re1+ Kf5 55. Rf1+ Rf4 56. Rf7+ Rf6 57. Rxf4+ exf4 58. Rh7 Kg6 59. Ra7 Kg5 60. Ra5+ Rf5 61. Ra2 f3 62. Kg3 h4+ 63. Kf2 Kg4 64. Ra4+ Rf4 65. Ra8 Kh3 66. Ra3 Rg4 67. Rxf3+ Rg3 68. Rf4 Rg6 69. Ra4 Rf6+ 70. Kg1 Rf3 71. Rb4 Ra3 72. Rc4 Kg3 73. Kf1 Ra1+ 74. Ke2 h3 75. Rc8 h2 76. Rg8+ Kf4 0-1